Simulador gráfico para pruebas de algoritmos de control en controladores lógicos programables (PLCSIM)
Enregistré dans:
| Auteur principal: | |
|---|---|
| Format: | Livre |
| Publié: |
San José, C.R.
1997
|
| Sujets: | |
| Tags: |
Ajouter un tag
Pas de tags, Soyez le premier à ajouter un tag!
|
MARC
| LEADER | 00000nam a2200000Ia 4500 | ||
|---|---|---|---|
| 003 | 008288 | ||
| 005 | 20221231144228.0 | ||
| 008 | 140114s1997 cr a | m 000 ||s d | ||
| 040 | |c cru CEDI | ||
| 090 | |a TFG 3721 | ||
| 100 | |a Aguilar Arreola, Manuel Alberto |9 5872 | ||
| 245 | |a Simulador gráfico para pruebas de algoritmos de control en controladores lógicos programables (PLCSIM) | ||
| 260 | |c 1997 |a San José, C.R. | ||
| 300 | |a viii, 96 hojas | ||
| 500 | |a Proyecto de graduación (bachillerato en ingeniería eléctrica)--Universidad de Costa Rica. Facultad de Ingeniería. Escuela de Ingeniería Eléctrica | ||
| 650 | |x ALGORITMOS |x REGULADORES ELECTRICOS |x REGULADORES ELECTRICOS - PROCESAMIENTO DE DATOS |9 9304 | ||
| 942 | |c TFG | ||
| 999 | |c 18754 |d 18754 | ||
